000 00781nam a2200289Ia 4500
008 160803s9999 xx 000 0 und d
020 _a978-0142402528
100 _aNorth, Sterling
245 _aRascal /
245 _cby Sterling North ; illustrated by John Schoenherr.
260 _aNew York :
260 _bScholastic Inc.
260 _c1963
300 _a189 pages :
300 _billustrations ;
300 _c18 cm.
650 _aAuthors, American -- 20th century --
650 _aCountry life --
650 _aNorth, Sterling, -- 1906-1974 --
650 _aRaccoon -- Wisconsin --
650 _aRascal (Raccoon)
650 _xBiography.
650 _xBiography.
650 _xChildhood and youth.
650 _xWisconsin.
700 _a1140
999 _c298106
_d298106